| 000 | 00848nam a2200253 i 4500 | ||
|---|---|---|---|
| 001 | bg | ||
| 100 | 1 | _aSUROWSKA, Barbara | |
| 245 | 0 | 0 |
_aKształtowanie składu chemicznego i struktury stopów Co-Cr-Ni-Mo jako biomateriałów / _cBarbara Surowska ; Politechnika Lubelska. |
| 260 |
_aLublin : _bWydawnictwa Uczelniane PL, _c1997. |
||
| 300 |
_a134 s. : _bfot., rys., wykr. ; _c24 cm. |
||
| 500 | _aU góry okł. nazwa przedmiotu: Mechanika. | ||
| 504 | _aBibliogr. s. 126-134. | ||
| 650 | 9 |
_aStopy (metalurg.) _xchemia _xbadanie |
|
| 650 | 9 |
_aKobalt _xzwiązki _xbadanie |
|
| 650 | 9 | _aBiomateriały | |
| 711 | 2 |
_aPolitechnika Lubelska (Lublin) _eInst. sprawcza |
|
| 020 | _a8387270466 | ||
| 040 | _cBPK | ||
| 041 | 0 | _apl | |
| 080 | _a669.24/.29:61 | ||
| 920 | _a83-87270-46-6 | ||
| 942 | _cKS | ||
| 008 | s pl f |000 0 pol | ||
| 999 |
_c32645 _d32645 |
||
| 856 |
_uhttp://koha.tu.koszalin.pl/cgi-bin/koha/opac-detail.pl?biblionumber=32645 _yKatalog online BPK |
||